00401nam a2200181Ia 4500003000400000005001700004008004100021020001900062040000700081041000800088082001300096100002000109245002800129260002000157300000900177650001400186700001900200OSt20251211124756.0250729s2007 xx 000 0 und d a978-8185185477 cAL aeng a370 BELD aBellingham John aDictionary of education aNew Delhic2007 a341p aEducation aRao Digumurthi